Vstup Slovenska do novej éry internetovej ekonomiky

Salvato in:
Dettagli Bibliografici
Autore principale: Žák, Štefan, 1971-
Natura: Capitolo di libro
Lingua:slovacco
Tags: Aggiungi Tag
Nessun Tag, puoi essere il primo ad aggiungerne!!

MARC

LEADER 00000naa$a2200000$$$4500
001 0142083
005 20240502072539.6
041 0 |a slo 
044 |a SK 
245 1 0 |a Vstup Slovenska do novej éry internetovej ekonomiky  |c Štefan Žák 
100 1 |a Žák, Štefan, 1971-